000 01217cam a22002295a 4500
001 L139263
008 070724e20070723xxk f f000 0 eng d
035 _a(Sirsi) u139263
041 0 _aeng
050 0 4 _a306.1 $2 18
110 1 _aUnited Kingdom
_bDepartment for Communities and Local Government
_94939
245 0 0 _aStrategic housing land availability assessments
_bpractice guidance
_h[electronic resource]
260 _aLondon
_bDCLG
_c2007
520 _aPublished in support of the Housing Green Paper 2007 (L139252). Provides practical guidance and instructions for local authorities and their private partners. Explains how to assess the deliverability and capacity for development of potential housing sites. The tests described are a key component of the evidence required to support the delivery of sufficient land to meet community housing needs.
590 _aKA NTK
650 2 4 _aHOUSING GREEN PAPER 2007
650 2 4 _aPLANNING POLICY STATEMENT 3
651 4 _aUnited Kingdom
_y
690 _aPROPERTY-RESIDENTIAL PROPERTY-RESIDENTIAL PROPERTY DEVELOPMENT
856 4 0 _uhttps://www.communities.gov.uk/index.asp?id=1511886
_zView the item free of charge at www.communities.gov.uk...
942 _n0
999 _c107286
_d107286